000 00542nam a2200181Ia 4500
008 151018s9999 xx 000 0 und d
082 _bRBASDV32262
_a891.462
100 _aअरुण कापसे
245 _aअंतरीचे शल्य
250 _b1
260 _bराजश्री
_c2000
300 _a68
600 _aअरुण कापसे
630 _aअंतरीचे शल्य
700 _aअरुण कापसे
730 _aअंतरीचे शल्य
942 _cBOOK
999 _c1031787
_d1031784